| 000 | 01007nam a22002177a 4500 | ||
|---|---|---|---|
| 003 | OSt | ||
| 005 | 20260511104730.0 | ||
| 008 | 260511b |||||||| |||| 00| 0 eng d | ||
| 020 | _a9780008615949 | ||
| 040 | _aKenya National Library Service | ||
| 082 | _a813.6 OKO | ||
| 100 | _aOkosun, Ehigbor | ||
| 245 |
_aExild by iron / _cEhigbor, Okosun. |
||
| 300 |
_axviii, 524 pages ; _c24 cm |
||
| 520 | _aThe novel follows a powerful young woman forced into exile after political betrayal and conflict threaten her homeland. As she struggles to survive beyond the borders of her kingdom, she discovers hidden strengths, dangerous magic, and truths about her identity that could reshape the fate of her people. Inspired by African mythology and culture, the story combines political intrigue, warfare, and epic fantasy adventure. | ||
| 650 | _aMagic -- Fiction | ||
| 650 | _aAfrican mythology — Fiction | ||
| 942 |
_2ddc _cBK _n0 |
||
| 999 |
_c492652 _d492652 |
||